00899nam a2200265 a 450000500170000000800410001702000510005802000290010904000270013804100080016504400070017310000330018024500670021324600660028026000440034630000500039049000430044065000170048365000150050065000200051565000170053565000170055266200350056970000290060420160331093851.0140227t1999 ck a fr|||| 00| 0 spa d a958953781 (Estudios en la Amazonia colombiana) a9589365094 (Volumen XIX) aCO-BoIAVH cCO-BoIAVH 0 aspa ack1 aArbeláez, María Victoria10aFlórula de la meseta de arenisca de la comunidad de Monochoa aFlorula of the sandstone plateau of the community of Monochoa aBogotá :bTropenbos Colombia,cc1999. a296 páginas :bIlustraciones ;c24 x 17 cm.0 aEstudios en la amazonia Colombianav19 6aVegetación 6aEcología 6aFitogeografía 6aPteridofitos 6aAngiospermas aColombiacAraracuarabAmazonas1 aCallejas Posada, Ricardo